Notas oficiales relativas al nombramiento de Vicario Capitular, hecho por el V. Cabildo Eclesiástico Metropolitano de Santiago con motivo del fallecimiento del Iltmo. i Rvmo. señor Arzobispo Doctor D. Rafael Valentín Valdivieso
保存先:
| 団体著者: | |
|---|---|
| フォーマット: | 図書 |
| 言語: | スペイン語 |
| 出版事項: |
Santiago
Imprenta de El Correo, de Ramón Varela , calle de los Teatinos, 39
1878
|
| 版: | 1a. ed |
| 主題: | |
| タグ: |
タグ追加
タグなし, このレコードへの初めてのタグを付けませんか!
|
MARC
| LEADER | 00000nam a2200000 a 4500 | ||
|---|---|---|---|
| 001 | UCJ3977 | ||
| 003 | CL-VaPUC | ||
| 005 | 20250506154201.0 | ||
| 008 | 070124e18780815CL |||||||||||||||||spa|d | ||
| 999 | |c 320095 |d 320093 | ||
| 040 | |c Pontificia Universidad Católica de Valparaíso | ||
| 082 | 0 | 4 | |a 983 |b CAB |2 21 |
| 110 | 2 | |a Cabildo Eclesiástico de Santiago |e author |9 506702 | |
| 245 | 1 | 0 | |a Notas oficiales relativas al nombramiento de Vicario Capitular, hecho por el V. Cabildo Eclesiástico Metropolitano de Santiago con motivo del fallecimiento del Iltmo. i Rvmo. señor Arzobispo Doctor D. Rafael Valentín Valdivieso |
| 250 | |a 1a. ed | ||
| 260 | |a Santiago |b Imprenta de El Correo, de Ramón Varela , calle de los Teatinos, 39 |c 1878 | ||
| 300 | |a 231 p | ||
| 500 | |a 4§ mayor.- media pasta.- Port.- v. en b | ||
| 583 | |a last modification |c 20070124 00:00:00 |k Rodrigo Vera | ||
| 600 | 0 | 7 | |a VALDIVIESO, RAFAEL VALENTIN |2 CL-VaPUC |9 315186 |
| 600 | 0 | 7 | |a TAFORO, FRANCISCO DE PAULA |2 CL-VaPUC |9 393510 |
| 600 | 0 | 7 | |a AMUNATEGUI, MIGUEL LUIS |2 CL-VaPUC |9 506140 |
| 600 | 0 | 7 | |a Larraín Gandarillas, Joaquín |d 1822-1897 |9 859904 |
| 650 | 0 | |a Iglesia Católica y Estado |9 257443 | |
| 650 | 0 | |a Gobierno eclesiástico |9 258471 | |
| 650 | 7 | |a DOCUMENTOS HISTORICOS |2 CL-VaPUC |9 438868 | |
| 650 | 0 | |a Correspondencia |9 258963 | |
| 650 | 7 | |a DESCRIPCION BIBLIOFILICA |2 CL-VaPUC |9 504580 | |
| 650 | 7 | |a FUENTES |2 CL-VaPUC |9 255666 | |
| 650 | 0 | |a Diplomacia |9 256483 | |
| 650 | 7 | |a REGALISMO |2 CL-VaPUC |9 399462 | |
| 852 | |a BIBCUR | ||
| 942 | |c BK |2 ddc | ||
| 945 | |d 20070124 00:00:00 |a rinostro | ||
| 952 | |0 0 |1 0 |4 0 |6 983_000000000000000_CAB_1878 |7 0 |8 X |9 398556 |a FDOBUD |b FDOBUD |d 2019-11-22 |i 1011685 |o 983 CAB 1878 |p 1011685 |r 2019-11-22 |w 2019-11-22 |y BK_X |k BUD | ||